The Poet and the Scientist/ (Record no. 189101)

MARC details
000 -LEADER
fixed length control field 00535nam a2200169 4500
005 - DATE AND TIME OF LATEST TRANSACTION
control field 20220613164853.0
010 ## - LCCN (DPL NO)
LC control number ENG-133254
020 ## - INTERNATIONAL STANDARD BOOK NUMBER
Terms of availability 200.00
International Standard Book Number 978-81-7522-589-3
035 ## - SYSTEM CONTROL NUMBER
System control number EN-116786
037 ## - SOURCE OF ACQUISITION
Source of stock number/acquisition DBAD/PUB
082 ## - DEWEY DECIMAL CLASSIFICATION NUMBER
Classification number 111
245 ## - TITLE STATEMENT
Title The Poet and the Scientist/
Statement of responsibility, etc edited and Compiled by Partha Ghose
260 ## - PUBLICATION, DISTRIBUTION, ETC. (IMPRINT)
Place of publication, distribution, etc Kolkata
Name of publisher, distributor, etc Sri Ramkumar Mukhopadhyay, Visva-Bharati
Date of publication, distribution, etc 2014
270 ## - ADDRESS
Address 6, Acharya Jagadish Chandra Bose Road,
City Kolkata
Postal code 17
300 ## - PHYSICAL DESCRIPTION
Extent 104p
Dimensions 22cm(hbk)
942 ## - ADDED ENTRY ELEMENTS (KOHA)
Source of classification or shelving scheme Dewey Decimal Classification
Item type English Books
Classification part 111
Call number suffix GHO
Holdings
Withdrawn status Lost status Not for loan Collection code Home library Current library Date acquired Source of acquisition Cost, normal purchase price Full call number Barcode Copy number Cost, replacement price Koha item type
      Non-fiction Bawana Bawana 13/06/2022 DBAD/PUB 200.00 111 GHO EN-116786 1 200.00 English Books

© Delhi Public Library
Hit Counter
free hit counter